书目信息 |
| 题名: |
数学分析
|
|
| 作者: | 谭小江 , 彭立中 编著 | |
| 分册: | 第2册 | |
| 出版信息: | 北京 高等教育出版社 2005.12 |
|
| 页数: | 244页 | |
| 开本: | 21cm | |
| 丛书名: | ||
| 单 册: | ||
| 中图分类: | O17 | |
| 科图分类: | ||
| 主题词: | 数学分析--shu xue fen xi--高等学校--教材 | |
| 电子资源: | ||
| ISBN: | 7-04-017747-1 | |
| 000 | 00826nam0 2200241 450 | |
| 001 | 012006887911 | |
| 005 | 20061018151132.82 | |
| 010 | @a7-04-017747-1@dCNY11.40 | |
| 100 | @a20061006d2005 km y0chiy0120 ea | |
| 101 | 0 | @achi |
| 102 | @aCN@b110000 | |
| 105 | @ay z 001yy | |
| 200 | 1 | @a数学分析@Ashu xue fen xi@h第2册@f谭小江, 彭立中编著@Ftan xiao jiang,peng li zhong bian zhu |
| 210 | @a北京@c高等教育出版社@d2005.12 | |
| 215 | @a244页@d21cm | |
| 320 | @a有索引。 | |
| 330 | @a本书共分八章,包括实验理论、n维欧氏空间、多元函数微分学、隐函数定理、多元函数的极值问题、重积分、曲线积分和曲面积分等。 | |
| 606 | 0 | @a数学分析@Ashu xue fen xi@x高等学校@j教材 |
| 690 | @aO17@v4 | |
| 701 | 0 | @a谭小江@Atan xiao jiang@4编著 |
| 701 | 0 | @a彭立中@Apeng li zhong@4编著 |
| 801 | 0 | @aCN@c20061018 |
| 905 | @a10447@dO17@eT132:2 | |
| 数学分析.第2册/谭小江, 彭立中编著.-北京:高等教育出版社,2005.12 |
| 244页;21cm |
| ISBN 7-04-017747-1:CNY11.40 |
| 本书共分八章,包括实验理论、n维欧氏空间、多元函数微分学、隐函数定理、多元函数的极值问题、重积分、曲线积分和曲面积分等。 |
| ● |
| 相关链接 |
|
|
|
正题名:数学分析
索取号:O17/T132:2
 
预约/预借
| 序号 | 登录号 | 条形码 | 馆藏地/架位号 | 状态 | 备注 |
| 1 | 223267 | 202232672 | 自科库401/401自科库 43排4列2层/ [索取号:O17/T132:2] | 在馆 | |
| 2 | 223268 | 202232681 | 自科库401/401自科库 43排4列2层/ [索取号:O17/T132:2] | 在馆 | |
| 3 | 223269 | 202232690 | 自科库401/401自科库 43排4列2层/ [索取号:O17/T132:2] | 在馆 |